书目信息 |
| 题名: |
公路工程水质分析试验操作指南
|
|
| 作者: | 王福胜 , 秦志坚 , 张留俊 编著 | |
| 分册: | ||
| 出版信息: | 西安 西北工业大学出版社 2003.10 |
|
| 页数: | 196页 | |
| 开本: | 20cm | |
| 丛书名: | ||
| 单 册: | ||
| 中图分类: | U412.23 | |
| 科图分类: | ||
| 主题词: | 道路工程--dao lu gong cheng--水质分析--试验--指南 | |
| 电子资源: | ||
| ISBN: | 7-5612-1687-4 | |
| 000 | 00966nam0 2200253 450 | |
| 001 | 012006274296 | |
| 005 | 20070612155023.14 | |
| 010 | @a7-5612-1687-4@dCNY23.00 | |
| 100 | @a20061203d2003 km y0chiy0120 ea | |
| 101 | 0 | @achi |
| 102 | @aCN@b610000 | |
| 105 | @ay a 000yy | |
| 200 | 1 | @a公路工程水质分析试验操作指南@Agong lu gong cheng shui zhi fen xi shi yan cao zuo zhi nan@f张留俊, 王福胜, 秦志坚编著@Fzhang liu jun,wang fu sheng,qin zhi jian bian zhu |
| 210 | @a西安@c西北工业大学出版社@d2003.10 | |
| 215 | @a196页@d20cm | |
| 320 | @a有书目 (第196页)。 | |
| 330 | @a本书介绍了水质分析的基本方法和操作技能,涉及水样的采取、运送和保存,主要标准溶液的配制与标定,浑浊度的测定等。 | |
| 606 | 0 | @a道路工程@Adao lu gong cheng@x水质分析@x试验@j指南 |
| 690 | @aU412.23@v4 | |
| 701 | 0 | @a王福胜@Awang fu sheng@4编著 |
| 701 | 0 | @a秦志坚@Aqin zhi jian@4编著 |
| 701 | 0 | @a张留俊@Azhang liu jun@4编著 |
| 801 | 0 | @aCN@c20070612 |
| 905 | @a10447@dU412.23@eZ132 | |
| 公路工程水质分析试验操作指南/张留俊, 王福胜, 秦志坚编著.-西安:西北工业大学出版社,2003.10 |
| 196页;20cm |
| ISBN 7-5612-1687-4:CNY23.00 |
| 本书介绍了水质分析的基本方法和操作技能,涉及水样的采取、运送和保存,主要标准溶液的配制与标定,浑浊度的测定等。 |
| ● |
| 相关链接 |
|
|
|
正题名:公路工程水质分析试验操作指南
索取号:U412.23/Z132
 
预约/预借
| 序号 | 登录号 | 条形码 | 馆藏地/架位号 | 状态 | 备注 |
| 1 | 229917 | 202299173 | 自科库501/501自科库 51排3列5层/ [索取号:U412.23/Z132] | 在馆 | |
| 2 | 229918 | 202299182 | 自科库501/501自科库 51排3列5层/ [索取号:U412.23/Z132] | 在馆 | |
| 3 | 229919 | 202299191 | 自科库501/501自科库 51排3列5层/ [索取号:U412.23/Z132] | 在馆 |